Loading...
| Current Events | 3 | 13.33 | 67% | 67% | 0% |
| Fine Arts - Auditory | 2 | 10.00 | 50% | 50% | 0% |
| Fine Arts - Other | 5 | 8.00 | 60% | 20% | 0% |
| Fine Arts - Visual | 2 | 5.00 | 50% | 0% | 0% |
| Geography | 2 | 5.00 | 50% | 0% | 0% |
| History - American | 1 | 0.00 | 0% | 0% | 0% |
| History - Ancient/Other | 3 | 3.33 | 33% | 0% | 0% |
| History - European | 1 | 10.00 | 100% | 0% | 0% |
| History - World | 3 | 3.33 | 33% | 0% | 0% |
| Literature - British | 2 | 20.00 | 100% | 100% | 0% |
| Literature - European | 2 | 15.00 | 100% | 50% | 0% |
| Literature - World | 2 | 10.00 | 50% | 50% | 0% |
| Mythology | 2 | 5.00 | 50% | 0% | 0% |
| Philosophy | 5 | 2.00 | 20% | 0% | 0% |
| Religion | 2 | 0.00 | 0% | 0% | 0% |
| Science - Biology | 5 | 16.00 | 80% | 80% | 0% |
| Science - Chemistry | 3 | 10.00 | 100% | 0% | 0% |
| Science - Other | 5 | 10.00 | 80% | 20% | 0% |
| Science - Physics | 4 | 10.00 | 100% | 0% | 0% |
| Social Science | 3 | 3.33 | 33% | 0% | 0% |